[Event "North American op 27th"]
[Site "Las Vegas"]
[Date "2017.12.28"]
[Round "6"]
[White "Kolev, Atanas"]
[Black "Zhang, Xiaopeng"]
[Result "1-0"]
[WhiteElo "2552"]
[BlackElo "2265"]
[PlyCount "43"]
[EventDate "2017.12.26"]
[EventType "swiss"]
[EventRounds "9"]
[EventCountry "USA"]
[SourceTitle "CBM 182 Extra"]
[Source "ChessBase"]
[SourceDate "2018.02.23"]
[SourceVersion "1"]
[SourceVersionDate "2018.02.23"]
[SourceQuality "1"]

1. d4 Nf6 2. Nf3 e6 3. g3 b6 4. Bg2 Bb7 5. 0-0 c5 6. c4 cxd4 7. Qxd4 d6 8. Nc3 a6 9. Rd1 Nbd7 10. Ng5 Bxg2 11. Kxg2 Qc7 12. Nge4 Rc8 13. b3 Qb7 14. f3 Rc6 15. Ba3 Nxe4 16. Nxe4 Nc5 17. Rac1 f5 18. Nf2 Kf7 19. b4 Nd7 20. e4 Rc7 21. exf5 exf5 22. Qf4 1-0

[Event "Las Vegas National op"]
[Site "Las Vegas"]
[Date "2017.06.16"]
[Round "2"]
[White "He, Anthony B"]
[Black "Kolev, Atanas"]
[Result "1/2-1/2"]
[WhiteElo "2295"]
[BlackElo "2572"]
[PlyCount "76"]
[EventDate "2017.06.16"]
[EventType "swiss"]
[EventRounds "6"]
[EventCountry "USA"]
[SourceTitle "CBM 178 Extra"]
[Source "ChessBase"]
[SourceDate "2017.06.22"]
[SourceVersion "1"]
[SourceVersionDate "2017.06.22"]
[SourceQuality "1"]

1. e4 e5 2. Nf3 Nc6 3. Bc4 Bc5 4. c3 Nf6 5. d3 a6 6. Bb3 d6 7. Nbd2 Ba7 8. Nf1 h6 9. Ng3 Be6 10. 0-0 0-0 11. Bc2 d5 12. d4 dxe4 13. Nxe5 Nxe5 14. dxe5 Qxd1 15. Rxd1 Ng4 16. Nxe4 Bf5 17. Rf1 Rfe8 18. Bf4 Bg6 19. Rad1 Nxe5 20. Rfe1 Ng4 21. Bg3 Re7 22. h3 Ne5 23. Bh4 Ree8 24. Kf1 Nc4 25. b3 Na3 26. Bd3 Nb5 27. c4 Nd4 28. Nc3 Bxd3+ 29. Rxd3 Nf5 30. Rxe8+ Rxe8 31. Bd8 c6 32. Bc7 Nd4 33. Bf4 b5 34. cxb5 axb5 35. Be3 Nc2 36. Bd2 Nd4 37. Be3 Nc2 38. Bd2 Nd4 1/2-1/2

[Event "BUL-ch 78th"]
[Site "Kozloduy"]
[Date "2014.05.18"]
[Round "9"]
[White "Kolev, Atanas"]
[Black "Danov, Lyubomir"]
[Result "1-0"]
[WhiteElo "2579"]
[BlackElo "2257"]
[PlyCount "101"]
[EventDate "2014.05.10"]
[EventType "tourn"]
[EventRounds "9"]
[EventCountry "BUL"]
[EventCategory "10"]
[SourceTitle "CBM 160 Extra"]
[Source "ChessBase"]
[SourceDate "2014.07.01"]
[SourceVersion "1"]
[SourceVersionDate "2014.07.01"]
[SourceQuality "1"]

1. d4 Nf6 2. Nf3 e6 3. g3 d5 4. Bg2 b5 5. 0-0 Be7 6. c3 Nbd7 7. Bg5 0-0 8. Nbd2 c5 9. a4 b4 10. cxb4 cxb4 11. Nb3 Ba6 12. Re1 Rc8 13. e3 Ne4 14. Bxe7 Qxe7 15. Bf1 Bxf1 16. Rxf1 Nd6 17. Qe2 Nc4 18. Rfc1 Rc7 19. Rc2 Rfc8 20. Rac1 Qd6 21. Ne1 Ncb6 22. Rxc7 Rxc7 23. Rxc7 Qxc7 24. Qb5 Qc4 25. Nc5 Qxb5 26. axb5 Nf6 27. Ned3 Ne8 28. Nxb4 Nd6 29. Nc6 Nxb5 30. Kf1 Kf8 31. Ke2 Nc8 32. Kd3 Ne7 33. Na5 Ke8 34. Nab7 Nc6 35. Kc2 Ke7 36. Kb3 Nc7 37. Ka4 h5 38. Na5 Nb8 39. Nd3 a6 40. Ne5 f6 41. Nec6+ Nxc6 42. Nxc6+ Kd7 43. Nb4 Kc8 44. Ka5 Kb7 45. Nd3 g5 46. h4 Ka7 47. f4 gxh4 48. gxh4 Kb7 49. f5 Kc6 50. Nb4+ Kd6 51. Nxa6 1-0

[Event "BUL-ch 78th"]
[Site "Kozloduy"]
[Date "2014.05.15"]
[Round "6"]
[White "Marholev, Dimitar"]
[Black "Kolev, Atanas"]
[Result "1/2-1/2"]
[WhiteElo "2348"]
[BlackElo "2579"]
[PlyCount "74"]
[EventDate "2014.05.10"]
[EventType "tourn"]
[EventRounds "9"]
[EventCountry "BUL"]
[EventCategory "10"]
[SourceTitle "CBM 160 Extra"]
[Source "ChessBase"]
[SourceDate "2014.07.01"]
[SourceVersion "1"]
[SourceVersionDate "2014.07.01"]
[SourceQuality "1"]

1. Nf3 Nf6 2. c4 e6 3. g3 d5 4. Bg2 dxc4 5. Qa4+ Nbd7 6. Qxc4 c5 7. a4 b6 8. Ng5 Rb8 9. f4 h6 10. Nf3 Bb7 11. d3 Be7 12. e4 0-0 13. 0-0 a6 14. Na3 Rc8 15. b3 Nb8 16. Ne5 Nfd7 17. Nxd7 Qxd7 18. Bb2 Nc6 19. f5 exf5 20. Bh3 Rcd8 21. Rad1 Nd4 22. Bxf5 b5 23. axb5 Nxf5 24. Rxf5 axb5 25. Nxb5 Ba6 26. Qc3 f6 27. Na3 Qe6 28. Nc4 Rb8 29. Ba3 Rb5 30. Rb1 Rfb8 31. Rff1 Bc8 32. Bc1 h5 33. Bf4 R8b7 34. Na5 Ra7 35. Nc4 Rab7 36. Na5 Ra7 37. Nc4 Rab7 1/2-1/2

[Event "BUL-ch 78th"]
[Site "Kozloduy"]
[Date "2014.05.12"]
[Round "3"]
[White "Kolev, Atanas"]
[Black "Enchev, Ivajlo"]
[Result "1-0"]
[WhiteElo "2579"]
[BlackElo "2437"]
[PlyCount "47"]
[EventDate "2014.05.10"]
[EventType "tourn"]
[EventRounds "9"]
[EventCountry "BUL"]
[EventCategory "10"]
[SourceTitle "CBM 160 Extra"]
[Source "ChessBase"]
[SourceDate "2014.07.01"]
[SourceVersion "1"]
[SourceVersionDate "2014.07.01"]
[SourceQuality "1"]

1. d4 d5 2. Nf3 Nf6 3. c4 c6 4. Nc3 e6 5. g3 dxc4 6. Bg2 b5 7. Ne5 a6 8. a4 Bb7 9. axb5 axb5 10. Rxa8 Bxa8 11. 0-0 Nd5 12. e4 Nxc3 13. bxc3 Be7 14. Qg4 0-0 15. Bh6 Bf6 16. Ra1 Kh8 17. Qh5 Bxe5 18. Qxe5 f6 19. Qxe6 Qd7 20. Bh3 Qxe6 21. Bxe6 gxh6 22. Rxa8 Nd7 23. Ra6 Nb8 24. Rb6 1-0

[Event "BUL-ch 78th"]
[Site "Kozloduy"]
[Date "2014.05.11"]
[Round "2"]
[White "Georgiev, Kiril"]
[Black "Kolev, Atanas"]
[Result "1-0"]
[WhiteElo "2632"]
[BlackElo "2579"]
[PlyCount "61"]
[EventDate "2014.05.10"]
[EventType "tourn"]
[EventRounds "9"]
[EventCountry "BUL"]
[EventCategory "10"]
[SourceTitle "CBM 160 Extra"]
[Source "ChessBase"]
[SourceDate "2014.07.01"]
[SourceVersion "1"]
[SourceVersionDate "2014.07.01"]
[SourceQuality "1"]

1. d4 d5 2. c4 e5 3. dxe5 d4 4. Nf3 Nc6 5. Nbd2 Nge7 6. Nb3 Nf5 7. e4 dxe3 8. Qxd8+ Nxd8 9. fxe3 Be7 10. Bd3 Nh4 11. Kf2 Nxf3 12. gxf3 Bh4+ 13. Kg2 Nc6 14. f4 g5 15. Rg1 Be6 16. Nd4 0-0-0 17. Nxe6 fxe6 18. Be2 gxf4 19. exf4 Nd4 20. Bg4 h5 21. Bd1 Nf5 22. Be2 Nd4 23. Kf1 Nf5 24. Rg6 Kd7 25. Bd2 Ke7 26. Rd1 Kf7 27. Rg2 Nd4 28. Bd3 Rhg8 29. Rxg8 Kxg8 30. Be3 Nf5 31. Bg1 1-0

[Event "Plovdiv Tringov Memorial 36th"]
[Site "Plovdiv"]
[Date "2014.02.05"]
[Round "5"]
[White "Kolev, Atanas"]
[Black "Angelov, Kosta"]
[Result "1-0"]
[WhiteElo "2581"]
[BlackElo "2169"]
[PlyCount "109"]
[EventDate "2014.02.02"]
[EventType "swiss"]
[EventRounds "9"]
[EventCountry "BUL"]
[SourceTitle "CBM 158 Extra"]
[Source "ChessBase"]
[SourceDate "2014.02.28"]
[SourceVersion "1"]
[SourceVersionDate "2014.02.28"]
[SourceQuality "1"]

1. d4 c5 2. d5 g6 3. e4 Bg7 4. Nf3 d6 5. Be2 Nf6 6. Nc3 0-0 7. 0-0 Bg4 8. Nd2 Bxe2 9. Qxe2 Na6 10. Nc4 Rb8 11. a4 Nb4 12. Bg5 Nd7 13. f4 Nb6 14. Ne3 Rc8 15. a5 Na8 16. Ncd1 Qd7 17. c3 Na6 18. f5 N8c7 19. Ng4 f6 20. Bd2 g5 21. Ngf2 b5 22. axb6 axb6 23. h4 h6 24. g3 b5 25. b4 Ra8 26. Ne3 Ra7 27. Ra5 Rfa8 28. Rfa1 Rb8 29. Kg2 Rab7 30. Rh1 Ra8 31. Rha1 Qe8 32. Nd3 Kf8 33. Be1 Kg8 34. Bf2 Kf8 35. Nc2 Rbb8 36. R1a2 Qc8 37. Qh5 Ne8 38. Ne3 cxb4 39. cxb4 Qc3 40. Qe2 Nac7 41. Rc2 Qb3 42. Rb2 Qc3 43. Be1 Qd4 44. Nc2 Qc4 45. Na3 Qd4 46. Bf2 Qc3 47. Nb1 Qc4 48. Nd2 Qc3 49. Nb3 Rxa5 50. Nxa5 Rc8 51. Rc2 Qa3 52. Bd4 Ra8 53. Ra2 Rxa5 54. bxa5 Qb3 55. Qc2 1-0

[Event "Plovdiv Tringov Memorial 36th"]
[Site "Plovdiv"]
[Date "2014.02.04"]
[Round "4"]
[White "Miroiu, George Catalin"]
[Black "Kolev, Atanas"]
[Result "1/2-1/2"]
[WhiteElo "2313"]
[BlackElo "2581"]
[PlyCount "80"]
[EventDate "2014.02.02"]
[EventType "swiss"]
[EventRounds "9"]
[EventCountry "BUL"]
[SourceTitle "CBM 158 Extra"]
[Source "ChessBase"]
[SourceDate "2014.02.28"]
[SourceVersion "1"]
[SourceVersionDate "2014.02.28"]
[SourceQuality "1"]

1. d4 d5 2. Nf3 Nf6 3. g3 c6 4. Bg2 Bg4 5. 0-0 Nbd7 6. Nbd2 e6 7. Re1 Be7 8. e4 0-0 9. c3 Bh5 10. Qb3 Rb8 11. a4 a5 12. exd5 exd5 13. Nh4 Bg6 14. Nxg6 hxg6 15. Nf3 Bd6 16. Bg5 Qc7 17. Nd2 Rbe8 18. c4 Bb4 19. cxd5 Nxd5 20. Bxd5 cxd5 21. Qxd5 Nb6 22. Qb5 Rxe1+ 23. Rxe1 Qc6 24. Qxc6 bxc6 25. b3 Nd5 26. Re2 Nc3 27. Re1 Nd5 28. Re2 f6 29. Be3 Rb8 30. Nc4 Bc3 31. Bd2 Bxd4 32. Nxa5 c5 33. Be1 g5 34. h3 Kf7 35. Kg2 f5 36. Kf3 Kf6 37. Rc2 Re8 38. Bd2 Rh8 39. Be1 Re8 40. Bd2 Rb8 1/2-1/2

[Event "North American op 22nd"]
[Site "Las Vegas"]
[Date "2012.12.26"]
[Round "2"]
[White "Kaufman, Raymond"]
[Black "Kolev, Atanas"]
[Result "0-1"]
[WhiteElo "2345"]
[BlackElo "2585"]
[PlyCount "62"]
[EventDate "2012.12.26"]
[EventType "swiss"]
[EventRounds "9"]
[EventCountry "USA"]
[SourceTitle "CBM 152 Extra"]
[Source "ChessBase"]
[SourceDate "2013.02.25"]
[SourceVersion "1"]
[SourceVersionDate "2013.02.25"]
[SourceQuality "1"]

1. d4 Nf6 2. c4 e6 3. Nc3 Bb4 4. e3 0-0 5. Bd3 d5 6. Nf3 c5 7. 0-0 Nc6 8. a3 Bxc3 9. bxc3 dxc4 10. Bxc4 Qc7 11. Ba2 e5 12. h3 Bf5 13. d5 Rad8 14. Qe2 Na5 15. c4 b5 16. Bb2 Rfe8 17. Bxe5 Rxe5 18. d6 Qxd6 19. Rfd1 Bd3 20. Rxd3 Qxd3 21. Qxd3 Rxd3 22. Nxe5 Rxa3 23. cxb5 Kf8 24. Nc6 c4 25. Nb4 Ra4 26. Nc2 Nd5 27. Bb1 Rxa1 28. Nxa1 Nb3 29. Nc2 Nd2 30. Ba2 Nc3 31. Nb4 Nxb5 0-1

[Event "San Cristobal Bolivar op 1st"]
[Site "San Cristobal"]
[Date "2012.09.28"]
[Round "7"]
[White "Kolev, Atanas"]
[Black "Corado Paz Castillo, Rafael"]
[Result "1-0"]
[WhiteElo "2601"]
[BlackElo "2143"]
[PlyCount "67"]
[EventDate "2012.09.25"]
[EventType "swiss"]
[EventRounds "10"]
[EventCountry "VEN"]
[SourceTitle "EXT 2013"]
[Source "ChessBase"]
[SourceDate "2012.11.22"]
[SourceVersion "1"]
[SourceVersionDate "2012.11.22"]
[SourceQuality "1"]

1. d4 Nf6 2. Nf3 c5 3. d5 d6 4. Nc3 g6 5. e4 Bg7 6. Be2 0-0 7. 0-0 Bg4 8. Nd2 Bxe2 9. Qxe2 a6 10. a4 Nbd7 11. Nc4 Ne8 12. Bd2 Nc7 13. a5 Nb5 14. Na4 e6 15. c3 exd5 16. exd5 Re8 17. Qd3 Ne5 18. Nxe5 Bxe5 19. f4 Bg7 20. Nb6 Rb8 21. f5 Qe7 22. Rae1 Qh4 23. Qf3 Rxe1 24. Rxe1 Be5 25. g3 Qd8 26. Rf1 Qc7 27. Qg4 Kh8 28. Qh4 Re8 29. Bg5 Bg7 30. f6 Bf8 31. Bh6 Bxh6 32. Qxh6 Rg8 33. Re1 Qb8 34. Re7 1-0

[Event "San Cristobal Bolivar op 1st"]
[Site "San Cristobal"]
[Date "2012.09.26"]
[Round "3"]
[White "Blanco Ronquillo, Humberto L"]
[Black "Kolev, Atanas"]
[Result "1/2-1/2"]
[WhiteElo "2430"]
[BlackElo "2601"]
[PlyCount "158"]
[EventDate "2012.09.25"]
[EventType "swiss"]
[EventRounds "10"]
[EventCountry "VEN"]
[SourceTitle "EXT 2013"]
[Source "ChessBase"]
[SourceDate "2012.11.22"]
[SourceVersion "1"]
[SourceVersionDate "2012.11.22"]
[SourceQuality "1"]

1. d4 Nf6 2. c4 e6 3. Nf3 d5 4. Nc3 dxc4 5. e3 a6 6. Bxc4 c5 7. 0-0 b5 8. Be2 Bb7 9. dxc5 Bxc5 10. Qxd8+ Kxd8 11. Nd2 Nbd7 12. Nb3 Bb6 13. a4 b4 14. a5 Bc7 15. Na2 Bd5 16. Nd4 Bxa5 17. Bd2 Rb8 18. Nc1 Bb6 19. Rxa6 Bxd4 20. exd4 Ke7 21. Ra4 Bc6 22. Rxb4 Nd5 23. Rxb8 Rxb8 24. b3 Bb5 25. Bc4 N7f6 26. Re1 Bxc4 27. bxc4 Nb6 28. Bf4 Ra8 29. c5 Nc4 30. Nd3 Nd5 31. Bg3 Ra3 32. Nf4 Nxf4 33. Bxf4 Rd3 34. Be3 Kd7 35. Kf1 Kc6 36. Ke2 Ra3 37. Rb1 e5 38. dxe5 Nxe3 39. fxe3 Ra7 40. Kf3 Kxc5 41. Rd1 Kc6 42. Rd8 Ra5 43. Rf8 Rxe5 44. Rxf7 Rh5 45. Rxg7 Rxh2 46. g4 Kd6 47. Ke4 Ke6 48. Rg5 Ra2 49. Rh5 Ra4+ 50. Kf3 Ra7 51. Kf4 Rf7+ 52. Ke4 Rg7 53. Rh6+ Ke7 54. Kf5 Rf7+ 55. Kg5 Rg7+ 56. Kh5 Kf8 57. Rf6+ Kg8 58. Rf3 Re7 59. Kh4 Re5 60. Kg3 Re4 61. Kh4 Re5 62. Kg3 Re4 63. Kh3 Kg7 64. Rg3 Kg6 65. Kg2 Kg5 66. Kf3 Ra4 67. Rg1 h6 68. Rg2 Rb4 69. Rh2 Rxg4 70. Rxh6 Ra4 71. Re6 Kf5 72. Re8 Ra3 73. Rb8 Ra4 74. Rb5+ Ke6 75. e4 Ra1 76. Kf4 Rf1+ 77. Ke3 Re1+ 78. Kf4 Rf1+ 79. Ke3 Re1+ 1/2-1/2

[Event "World op 40th"]
[Site "Philadelphia"]
[Date "2012.07.06"]
[Round "4"]
[White "Kolev, Atanas"]
[Black "Hungaski, Robert Andrew"]
[Result "1/2-1/2"]
[WhiteElo "2604"]
[BlackElo "2488"]
[PlyCount "76"]
[EventDate "2012.07.03"]
[EventType "swiss"]
[EventRounds "9"]
[EventCountry "USA"]
[SourceTitle "CBM 149 Extra"]
[Source "ChessBase"]
[SourceDate "2012.08.24"]
[SourceVersion "1"]
[SourceVersionDate "2012.08.24"]
[SourceQuality "1"]

1. d4 Nf6 2. Nf3 g6 3. Bg5 Bg7 4. Nbd2 0-0 5. c3 d6 6. e4 c5 7. dxc5 dxc5 8. Bc4 Nc6 9. Qe2 Qc7 10. 0-0 Na5 11. Bd3 h6 12. Bxf6 Bxf6 13. h3 Bg7 14. Nc4 Nc6 15. Ne3 e6 16. a4 Bd7 17. Nc4 Ne7 18. e5 Bc6 19. Be4 Bd5 20. Rfe1 Rad8 21. Nd6 Nc6 22. Nb5 Qe7 23. Rad1 a6 24. Nd6 Nxe5 25. Nxe5 Bxe5 26. Nxb7 Qxb7 27. Bxd5 Rxd5 28. Rxd5 exd5 29. Qxe5 Qxb2 30. Qxd5 Qxc3 31. Re4 Qa5 32. Qc6 Rb8 33. Re8+ Rxe8 34. Qxe8+ Kg7 35. Qe5+ Kg8 36. Qe8+ Kg7 37. Qe5+ Kh7 38. Qe7 Kg7 1/2-1/2

[Event "San Bernardino op 2nd"]
[Site "San Bernardino"]
[Date "2012.03.30"]
[Round "3"]
[White "Kolev, Atanas"]
[Black "Collutiis, Duilio"]
[Result "1-0"]
[WhiteElo "2602"]
[BlackElo "2493"]
[PlyCount "107"]
[EventDate "2012.03.29"]
[EventType "swiss"]
[EventRounds "5"]
[EventCountry "SUI"]
[SourceTitle "CBM 147 Extra"]
[Source "ChessBase"]
[SourceDate "2012.04.24"]
[SourceVersion "1"]
[SourceVersionDate "2012.04.24"]
[SourceQuality "1"]

1. d4 Nf6 2. Nf3 g6 3. Bg5 Bg7 4. Nbd2 0-0 5. c3 d6 6. e4 c5 7. dxc5 dxc5 8. Bc4 Nc6 9. Qe2 Qc7 10. 0-0 Na5 11. Bd3 h6 12. Bxf6 Bxf6 13. h3 Bg7 14. Nc4 Nc6 15. a4 Be6 16. Ne3 Rad8 17. Bc4 Bxc4 18. Nxc4 Rd7 19. Rfd1 Rfd8 20. Rxd7 Rxd7 21. Rd1 Kf8 22. g3 Qd8 23. Rxd7 Qxd7 24. Kg2 Ke8 25. Qc2 Kd8 26. Qb3 Kc7 27. Qb5 b6 28. b4 cxb4 29. cxb4 Bc3 30. a5 bxa5 31. Nxa5 Nxa5 32. Qxa5+ Kb7 33. Qc5 Bg7 34. h4 e6 35. h5 Qc7 36. Qb5+ Qb6 37. Qe8 Qc7 38. hxg6 fxg6 39. Qxe6 g5 40. e5 h5 41. b5 g4 42. Qa6+ Ka8 43. Nd4 Bxe5 44. Nc6 Bd6 45. Qa2 Bc5 46. Qd5 Qd6 47. Qxh5 Qf8 48. f4 gxf3+ 49. Kf1 Kb7 50. Ne5 Qe7 51. Qxf3+ Kb6 52. Qc6+ Ka5 53. Qa6+ Kb4 54. Nc6+ 1-0

[Event "Dimitrovgrad op"]
[Site "Dimitrovgrad"]
[Date "2011.09.06"]
[Round "6"]
[White "Kolev, Atanas"]
[Black "Dimitrov, Dimitar"]
[Result "1-0"]
[WhiteElo "2591"]
[BlackElo "1963"]
[PlyCount "39"]
[EventDate "2011.09.05"]
[EventType "swiss"]
[EventRounds "7"]
[EventCountry "BUL"]
[SourceTitle "CBM 144 Extra"]
[Source "ChessBase"]
[SourceDate "2011.10.28"]
[SourceVersion "1"]
[SourceVersionDate "2011.10.28"]
[SourceQuality "1"]

1. d4 d5 2. Nf3 Nf6 3. c4 c6 4. Nc3 e6 5. Bg5 dxc4 6. e4 b5 7. e5 h6 8. Bh4 g5 9. Nxg5 hxg5 10. Bxg5 Nbd7 11. exf6 Bb7 12. g3 Qb6 13. Bg2 0-0-0 14. 0-0 Bh6 15. h4 Bxg5 16. hxg5 Ne5 17. dxe5 Rxd1 18. Rfxd1 c5 19. Rd6 Bxg2 20. Rxb6 1-0

[Event "Kavala op 20th"]
[Site "Kavala"]
[Date "2011.08.05"]
[Round "8"]
[White "Kolev, Atanas"]
[Black "Bartel, Mateusz"]
[Result "1/2-1/2"]
[WhiteElo "2590"]
[BlackElo "2611"]
[PlyCount "50"]
[EventDate "2011.07.30"]
[EventType "swiss"]
[EventRounds "9"]
[EventCountry "GRE"]
[SourceTitle "CBM 143 Extra"]
[Source "ChessBase"]
[SourceDate "2011.08.29"]
[SourceVersion "1"]
[SourceVersionDate "2011.08.29"]
[SourceQuality "1"]

1. d4 Nf6 2. Nf3 g6 3. c4 Bg7 4. Nc3 0-0 5. e4 c6 6. e5 Ne8 7. h3 d6 8. Bf4 Nd7 9. exd6 Nxd6 10. Be2 c5 11. d5 Nb6 12. Qb3 e5 13. Bxe5 Bxe5 14. Nxe5 Re8 15. Nf3 Nbxc4 16. 0-0 Ne5 17. a4 Nxf3+ 18. Bxf3 Bd7 19. Rfe1 Qh4 20. a5 Rxe1+ 21. Rxe1 Re8 22. Rxe8+ Bxe8 23. Qa3 Qc4 24. Ne2 Nf5 25. Ng3 Nxg3 1/2-1/2

[Event "Kavala op 20th"]
[Site "Kavala"]
[Date "2011.08.03"]
[Round "6"]
[White "Kolev, Atanas"]
[Black "Maiorov, Nikita"]
[Result "1/2-1/2"]
[WhiteElo "2590"]
[BlackElo "2535"]
[PlyCount "56"]
[EventDate "2011.07.30"]
[EventType "swiss"]
[EventRounds "9"]
[EventCountry "GRE"]
[SourceTitle "CBM 143 Extra"]
[Source "ChessBase"]
[SourceDate "2011.08.29"]
[SourceVersion "1"]
[SourceVersionDate "2011.08.29"]
[SourceQuality "1"]

1. e4 e5 2. Nf3 Nc6 3. d4 exd4 4. Nxd4 Bc5 5. Be3 Qf6 6. c3 Nge7 7. Bc4 Ne5 8. Be2 Qg6 9. 0-0 d6 10. f3 0-0 11. Kh1 Bb6 12. a4 N5c6 13. Nd2 d5 14. Bg1 Bd7 15. Qc2 Rad8 16. N2b3 a5 17. Nb5 dxe4 18. Bxb6 cxb6 19. Qxe4 Nf5 20. Qf4 Be6 21. Nd2 Qh6 22. Qxh6 gxh6 23. Ne4 Ne3 24. Rfb1 f5 25. Ned6 Bb3 26. Re1 Be6 27. Reb1 Bb3 28. Ra3 Be6 1/2-1/2

[Event "Albena op 19th"]
[Site "Albena"]
[Date "2011.07.01"]
[Round "7"]
[White "Anton, Teodor"]
[Black "Kolev, Atanas"]
[Result "0-1"]
[WhiteElo "2355"]
[BlackElo "2590"]
[PlyCount "88"]
[EventDate "2011.06.25"]
[EventType "swiss"]
[EventRounds "9"]
[EventCountry "BUL"]
[SourceTitle "CBM 143 Extra"]
[Source "ChessBase"]
[SourceDate "2011.08.29"]
[SourceVersion "1"]
[SourceVersionDate "2011.08.29"]
[SourceQuality "1"]

1. d4 Nf6 2. c4 e6 3. Nc3 Bb4 4. Nf3 c5 5. g3 Nc6 6. Bg2 Ne4 7. Qd3 cxd4 8. Nxd4 Nxc3 9. bxc3 Ne5 10. Qc2 Be7 11. Qa4 0-0 12. Rb1 d6 13. Bxb7 Rb8 14. Be4 Rxb1 15. Bxb1 Qc7 16. f4 Bb7 17. 0-0 Nxc4 18. Bd3 Nb6 19. Qa5 g6 20. Kf2 Ra8 21. e4 e5 22. Nf3 d5 23. exd5 Bc5+ 24. Kg2 Bxd5 25. fxe5 Qxe5 26. Bf4 Qe7 27. c4 Bc6 28. Re1 Qf8 29. Be4 Bb4 30. Qg5 Bxe1 31. Bxc6 Rc8 32. Bb7 Rc5 33. Qf6 Rf5 34. Qd4 Bb4 35. Ne5 Qd6 36. Qb2 Na4 37. Qc2 Rxe5 38. Bxe5 Qxe5 39. Qxa4 Qe2+ 40. Kh3 Qf1+ 41. Bg2 Qf5+ 42. g4 Qd3+ 43. Kh4 Be1+ 44. Kg5 Qe3+ 0-1

[Event "Navalmoral op 16th"]
[Site "Navalmoral"]
[Date "2010.12.08"]
[Round "9"]
[White "Perez Candelario, Manuel"]
[Black "Kolev, Atanas"]
[Result "1/2-1/2"]
[WhiteElo "2524"]
[BlackElo "2571"]
[PlyCount "61"]
[EventDate "2010.12.04"]
[EventType "swiss"]
[EventRounds "9"]
[EventCountry "ESP"]
[SourceTitle "CBM 139 Extra"]
[Source "ChessBase"]
[SourceDate "2011.01.05"]
[SourceVersion "1"]
[SourceVersionDate "2011.01.05"]
[SourceQuality "1"]

1. e4 e5 2. Nf3 Nc6 3. Bb5 a6 4. Ba4 Nf6 5. 0-0 Nxe4 6. d4 b5 7. Bb3 d5 8. dxe5 Be6 9. c3 Bc5 10. Nbd2 0-0 11. Bc2 Nxf2 12. Rxf2 f6 13. exf6 Bxf2+ 14. Kxf2 Qxf6 15. Kg1 Rae8 16. Nf1 Ne5 17. Be3 Nxf3+ 18. Qxf3 Qxf3 19. gxf3 Rxf3 20. Bf2 Bh3 21. Nd2 Rf6 22. Re1 Rxe1+ 23. Bxe1 Re6 24. Kf2 Bg4 25. Bd3 c5 26. Bf1 c4 27. Bg2 Rd6 28. Ke3 Re6+ 29. Kf2 Rd6 30. Ke3 Re6+ 31. Kf2 1/2-1/2

[Event "Navalmoral op 16th"]
[Site "Navalmoral"]
[Date "2010.12.07"]
[Round "7"]
[White "Cruz, Jonathan"]
[Black "Kolev, Atanas"]
[Result "0-1"]
[WhiteElo "2399"]
[BlackElo "2571"]
[PlyCount "60"]
[EventDate "2010.12.04"]
[EventType "swiss"]
[EventRounds "9"]
[EventCountry "ESP"]
[SourceTitle "CBM 139 Extra"]
[Source "ChessBase"]
[SourceDate "2011.01.05"]
[SourceVersion "1"]
[SourceVersionDate "2011.01.05"]
[SourceQuality "1"]

1. d4 Nf6 2. c4 e6 3. Nc3 Bb4 4. Qc2 d5 5. Nf3 dxc4 6. e3 b5 7. a4 c6 8. g3 Bb7 9. Bg2 Qb6 10. 0-0 Nbd7 11. e4 a6 12. Be3 c5 13. e5 Ng4 14. Rad1 Nxe3 15. fxe3 cxd4 16. exd4 Be7 17. Kh1 0-0 18. d5 exd5 19. Nxd5 Bxd5 20. Rxd5 Nc5 21. axb5 axb5 22. Nd4 Nd3 23. Nxb5 Ra2 24. h3 Nb4 25. Qxc4 Nxd5 26. Bxd5 Rxb2 27. Bxf7+ Kh8 28. Nc3 Qh6 29. Ne2 Qxh3+ 30. Kg1 Rxe2 0-1

[Event "Navalmoral op 16th"]
[Site "Navalmoral"]
[Date "2010.12.06"]
[Round "5"]
[White "Galego, Luis"]
[Black "Kolev, Atanas"]
[Result "1/2-1/2"]
[WhiteElo "2500"]
[BlackElo "2571"]
[PlyCount "34"]
[EventDate "2010.12.04"]
[EventType "swiss"]
[EventRounds "9"]
[EventCountry "ESP"]
[SourceTitle "CBM 139 Extra"]
[Source "ChessBase"]
[SourceDate "2011.01.05"]
[SourceVersion "1"]
[SourceVersionDate "2011.01.05"]
[SourceQuality "1"]

1. d4 Nf6 2. Nf3 d5 3. c4 e6 4. Nc3 dxc4 5. e3 a6 6. Bxc4 c5 7. 0-0 b5 8. Be2 Bb7 9. dxc5 Qxd1 10. Rxd1 Bxc5 11. Bd2 Nbd7 12. b4 Be7 13. a4 bxa4 14. Nxa4 0-0 15. Be1 Rab8 16. Nd4 Nd5 17. b5 axb5 1/2-1/2

[Event "Navalmoral op 16th"]
[Site "Navalmoral"]
[Date "2010.12.06"]
[Round "6"]
[White "Kolev, Atanas"]
[Black "Gonzalez Perez, Arian"]
[Result "1/2-1/2"]
[WhiteElo "2571"]
[BlackElo "2435"]
[PlyCount "80"]
[EventDate "2010.12.04"]
[EventType "swiss"]
[EventRounds "9"]
[EventCountry "ESP"]
[SourceTitle "CBM 139 Extra"]
[Source "ChessBase"]
[SourceDate "2011.01.05"]
[SourceVersion "1"]
[SourceVersionDate "2011.01.05"]
[SourceQuality "1"]

1. d4 Nf6 2. Nf3 g6 3. Bg5 Bg7 4. Nbd2 0-0 5. c3 d6 6. e4 h6 7. Bh4 Qe8 8. Bc4 e5 9. dxe5 dxe5 10. 0-0 Nc6 11. Re1 Nh5 12. a4 Be6 13. Bf1 Nf4 14. Qc2 f6 15. Bg3 Qf7 16. Bxf4 exf4 17. Nd4 Ne5 18. Nxe6 Qxe6 19. Qb3 Qxb3 20. Nxb3 Kf7 21. Red1 Rfd8 22. Be2 Bf8 23. f3 Be7 24. g3 Rxd1+ 25. Rxd1 fxg3 26. hxg3 Rd8 27. Rxd8 Bxd8 28. f4 Nd7 29. Bc4+ Ke8 30. Bd3 c6 31. Kg2 Nb6 32. a5 Na4 33. e5 g5 34. a6 bxa6 35. Nd4 gxf4 36. Bg6+ Kd7 37. Bf5+ Ke8 38. Bg6+ Kd7 39. Bf5+ Ke8 40. Bg6+ Kd7 1/2-1/2

[Event "Navalmoral op 16th"]
[Site "Navalmoral"]
[Date "2010.12.05"]
[Round "4"]
[White "Kolev, Atanas"]
[Black "Del Rio de Angelis, Salvador Gabriel"]
[Result "1/2-1/2"]
[WhiteElo "2571"]
[BlackElo "2489"]
[PlyCount "56"]
[EventDate "2010.12.04"]
[EventType "swiss"]
[EventRounds "9"]
[EventCountry "ESP"]
[SourceTitle "CBM 139 Extra"]
[Source "ChessBase"]
[SourceDate "2011.01.05"]
[SourceVersion "1"]
[SourceVersionDate "2011.01.05"]
[SourceQuality "1"]

1. d4 e6 2. e4 d5 3. Nd2 Be7 4. Ngf3 Nf6 5. e5 Nfd7 6. Bd3 c5 7. c3 Nc6 8. 0-0 g5 9. dxc5 g4 10. Nd4 Ndxe5 11. Bb5 Bd7 12. N2b3 h5 13. Re1 Nxd4 14. Qxd4 Bxb5 15. Rxe5 Qd7 16. Rxd5 Qxd5 17. Qxh8+ Kd7 18. Qd4 Bc4 19. Be3 e5 20. Qxd5+ Bxd5 21. Rd1 Ke6 22. Na5 b6 23. cxb6 axb6 24. Bxb6 Bxa2 25. b3 Ra6 26. Bc7 Ra7 27. Bb6 Ra6 28. Bc7 Ra7 1/2-1/2